[Event "Aarhus Festuge Open"]
[Site "Aarhus"]
[Date "1992.??.??"]
[Round "6"]
[White "Stercho, Stepan"]
[Black "Sorensen, Michael"]
[Result "1-0"]
[WhiteElo "2300"]
[BlackElo "2100"]
[PlyCount "79"]
[EventDate "1992.??.??"]

1. e4 g6 2. Nf3 Bg7 3. d4 c5 4. c3 cxd4 5. cxd4 d5 6. e5 Nh6 7. Nc3 O-O 8. h3
Nc6 9. Bb5 Qa5 10. O-O Nf5 11. Bxc6 bxc6 12. Bf4 Bh6 13. Bxh6 Nxh6 14. Na4 Rb8
15. b3 Nf5 16. Rc1 e6 17. Rc5 Qb4 18. g4 Ne7 19. Qc1 f5 20. Qh6 Rf7 21. Qe3
fxg4 22. hxg4 Ba6 23. Ng5 Bxf1 24. Nxf7 Bb5 25. Ng5 Bxa4 26. bxa4 Qxa4 27. Rc1
h6 28. Nxe6 Kf7 29. Nc5 Qxa2 30. Qxh6 Rg8 31. Qf4+ Ke8 32. e6 Qb2 33. Nd3 Qb5
34. Qf7+ Kd8 35. Ne5 c5 36. Nxg6 Qb7 37. f4 Rxg6 38. Qf8+ Kc7 39. Qxe7+ Kb8 40.
Qe8+ 1-0

[Event "Aarhus Festuge Open"]
[Site "Aarhus"]
[Date "1992.??.??"]
[Round "7"]
[White "Bonnez, Finn"]
[Black "Pedersen, Bjarne"]
[Result "0-1"]
[WhiteElo "2050"]
[BlackElo "2235"]
[PlyCount "80"]
[EventDate "1992.??.??"]

1. d4 d5 2. Bf4 Nf6 3. e3 g6 4. Nd2 Bg7 5. Be2 O-O 6. g4 c5 7. g5 Nfd7 8. c3
Nc6 9. Ngf3 e5 10. dxe5 Ndxe5 11. Nb3 b6 12. Qd2 Be6 13. h4 a5 14. Rd1 Qd7 15.
Bxe5 Nxe5 16. Nxe5 Bxe5 17. e4 Rad8 18. f4 Bc7 19. e5 a4 20. Nc1 b5 21. Bf3 Ba5
22. Qg2 d4 23. Kf2 Qc7 24. cxd4 cxd4 25. Kg3 d3 26. Nxd3 Bxa2 27. h5 Qe7 28.
Nf2 Bb3 29. hxg6 fxg6 30. Ng4 Bxd1 31. Nf6+ Kh8 32. Bxd1 Rf7 33. Bf3 Bc7 34.
Bd5 Rg7 35. Qe4 b4 36. Rh6 a3 37. bxa3 bxa3 38. Ba2 Qc5 39. Qh1 Qe3+ 40. Kg4
Qe2+ 0-1

[Event "Aarhus Festuge Open"]
[Site "Aarhus"]
[Date "1992.??.??"]
[Round "7"]
[White "Conradsen, Claus"]
[Black "Ostersen, Kjeld"]
[Result "1/2-1/2"]
[WhiteElo "1985"]
[BlackElo "2080"]
[PlyCount "22"]
[EventDate "1992.??.??"]

1. d4 d5 2. c4 Nf6 3. cxd5 Nxd5 4. Nf3 Bf5 5. Nc3 Nxc3 6. bxc3 e6 7. Ne5 Be7 8.
g3 Qd5 9. f3 Qa5 10. Qb3 Nc6 11. Nc4 Qd5 1/2-1/2

[Event "Aarhus Festuge Open"]
[Site "Aarhus"]
[Date "1992.??.??"]
[Round "7"]
[White "Gasseholm, Finn"]
[Black "Sand, Bjorn"]
[Result "1-0"]
[WhiteElo "2055"]
[BlackElo "1765"]
[PlyCount "39"]
[EventDate "1992.??.??"]

1. d4 c5 2. Nf3 cxd4 3. Nxd4 e5 4. Nb3 d5 5. g3 Nc6 6. Bg2 Be6 7. O-O Be7 8.
Nc3 Nf6 9. e4 d4 10. Ne2 Qb6 11. c3 dxc3 12. Nxc3 Rd8 13. Nd5 Bxd5 14. exd5 O-O
15. Be3 Qb5 16. a4 Qb4 17. Bd2 Qb6 18. dxc6 bxc6 19. Qc2 Rb8 20. Na5 1-0

[Event "Aarhus Festuge Open"]
[Site "Aarhus"]
[Date "1992.??.??"]
[Round "7"]
[White "Hansen, Bjarne"]
[Black "Samaritani, Fabio"]
[Result "0-1"]
[WhiteElo "2150"]
[BlackElo "2160"]
[PlyCount "39"]
[EventDate "1992.??.??"]

1. d4 f5 2. e4 fxe4 3. Nc3 g6 4. h4 Bg7 5. Nxe4 d5 6. Ng5 Nc6 7. N1f3 Bg4 8.
Qd3 Qd6 9. c3 Nf6 10. g3 e5 11. dxe5 Nxe5 12. Qe3 Bxf3 13. Nxf3 Nfg4 14. Qe2
O-O 15. Bg2 Nxf3+ 16. Bxf3 Rae8 17. Bxg4 Rxe2+ 18. Bxe2 d4 19. cxd4 Bxd4 20.
O-O 0-1

[Event "Aarhus Festuge Open"]
[Site "Aarhus"]
[Date "1992.??.??"]
[Round "7"]
[White "Hansen, Lars"]
[Black "Borsos, Bogdan"]
[Result "0-1"]
[WhiteElo "2265"]
[BlackElo "2330"]
[PlyCount "84"]
[EventDate "1992.??.??"]

1. e4 e5 2. Bc4 Nf6 3. Nc3 Bc5 4. d3 O-O 5. f4 d6 6. Nf3 c6 7. fxe5 dxe5 8. Bg5
b5 9. Bb3 Nbd7 10. Qd2 a5 11. a4 Bb4 12. O-O Nc5 13. Ba2 Nxa4 14. Bxf6 Qxf6 15.
Ng5 Qe7 16. Rxf7 Rxf7 17. Rf1 Bc5+ 18. Kh1 Be6 19. Bxe6 Qxe6 20. Rxf7 Qd6 21.
Nxa4 bxa4 22. Qc3 Qd4 23. Rxg7+ Kh8 24. Rxh7+ Kg8 25. Rg7+ Kh8 26. Qxd4 exd4
27. Rb7 a3 28. bxa3 Bxa3 29. Nf7+ Kg8 30. Ne5 c5 31. Nc4 Bb4 32. Nb6 Rf8 33.
Kg1 Bd2 34. Nc4 Be3+ 35. Nxe3 dxe3 36. Rb1 Rf2 37. Rc1 a4 38. g4 a3 39. h4 a2
40. e5 Rxc2 41. Rxc2 a1=Q+ 42. Kg2 Qd1 0-1

[Event "Aarhus Festuge Open"]
[Site "Aarhus"]
[Date "1992.??.??"]
[Round "7"]
[White "Hoiberg, Nina"]
[Black "Husted, Peter"]
[Result "1/2-1/2"]
[WhiteElo "2245"]
[BlackElo "2245"]
[PlyCount "28"]
[EventDate "1992.??.??"]

1. e4 c5 2. Nf3 Nc6 3. d4 cxd4 4. Nxd4 e6 5. Nc3 Qc7 6. Be3 a6 7. Be2 b5 8. a3
Bb7 9. O-O Nf6 10. f4 Bc5 11. e5 Nxd4 12. Bxd4 Ne4 13. Nxe4 Bxe4 14. c3 d5
1/2-1/2

[Event "Aarhus Festuge Open"]
[Site "Aarhus"]
[Date "1992.??.??"]
[Round "7"]
[White "Jensen, Vagn"]
[Black "Pedersen, Nicolai Vesterbaek"]
[Result "1/2-1/2"]
[WhiteElo "2250"]
[BlackElo "2115"]
[PlyCount "70"]
[EventDate "1992.??.??"]

1. e4 e5 2. Bc4 Nf6 3. d3 Nc6 4. Nf3 Bc5 5. O-O d6 6. c3 Bg4 7. Nbd2 a6 8. Re1
Qe7 9. Nf1 O-O 10. Bb3 Rad8 11. h3 Be6 12. Ng3 h6 13. d4 Bxb3 14. axb3 exd4 15.
cxd4 Bb4 16. Re2 Rfe8 17. d5 Ne5 18. Nd4 Ng6 19. Ngf5 Qd7 20. Bxh6 gxh6 21. Qc1
Re5 22. Qxh6 Ne8 23. h4 Bc5 24. h5 Ne7 25. Qg5+ Kh8 26. Nf3 f6 27. Qh6+ Kg8 28.
Nxe5 dxe5 29. Nxe7+ Qxe7 30. Rc1 Bb6 31. Rc3 Qg7 32. Qd2 Rd7 33. Kf1 Kh7 34. h6
Qg5 35. Qd1 Nd6 1/2-1/2

[Event "Aarhus Festuge Open"]
[Site "Aarhus"]
[Date "1992.??.??"]
[Round "7"]
[White "Lindfeldt, Jan Magnus"]
[Black "Sondergaard, Gunner"]
[Result "1-0"]
[WhiteElo "2030"]
[BlackElo "1930"]
[PlyCount "37"]
[EventDate "1992.??.??"]

1. e4 c5 2. Nf3 e6 3. d4 cxd4 4. Nxd4 a6 5. Be2 Qc7 6. O-O Nf6 7. Nc3 Nc6 8.
Kh1 Bb4 9. Qd3 Ne5 10. Qg3 Kf8 11. Nf3 d6 12. Nxe5 dxe5 13. f4 Bxc3 14. bxc3
Nxe4 15. Ba3+ Kg8 16. Qd3 Nc5 17. Bxc5 Qxc5 18. Qd8+ Qf8 19. Rad1 1-0

[Event "Aarhus Festuge Open"]
[Site "Aarhus"]
[Date "1992.??.??"]
[Round "7"]
[White "Marcussen, Anders"]
[Black "Petersen, Flemming Petri"]
[Result "1-0"]
[WhiteElo "2135"]
[BlackElo "2075"]
[PlyCount "119"]
[EventDate "1992.??.??"]

1. d4 Nf6 2. Nf3 d6 3. c4 g6 4. Nc3 Bg7 5. e4 O-O 6. Be2 e5 7. O-O Nc6 8. d5
Ne7 9. b4 Nd7 10. Ba3 f5 11. Ng5 Nf6 12. f3 Bh6 13. Bc1 Bxg5 14. Bxg5 Kg7 15.
Rc1 f4 16. c5 h6 17. Bh4 g5 18. Bf2 h5 19. cxd6 cxd6 20. Nb5 Ne8 21. Nxa7 Bd7
22. a4 Ng6 23. Bb5 g4 24. Bxd7 Qxd7 25. Nb5 gxf3 26. gxf3 Kh6 27. Kh1 Qh3 28.
a5 Rg8 29. Rg1 Rg7 30. Rc3 Qd7 31. Qe2 Rc8 32. Rgc1 Rxc3 33. Rxc3 Qh3 34. Rc1
Nh8 35. Rg1 Ng6 36. Be1 Qd7 37. Nc3 Qc7 38. Nb5 Qd7 39. Na3 Qa4 40. Nb5 Qb3 41.
Na7 Qa3 42. b5 Kh7 43. b6 h4 44. Qf1 Kg8 45. Qh3 Kf8 46. Nb5 Qe3 47. Bb4 Ke7
48. Nc7 Nf8 49. Qxh4+ Kf7 50. Rxg7+ Nxg7 51. Kg2 Ng6 52. Qf2 Qb3 53. Bxd6 Kf6
54. Bc5 Kg5 55. d6 Nh4+ 56. Kh1 Nxf3 57. Qf1 Nh4 58. d7 Qa4 59. d8=Q+ Kh6 60.
Qxh4+ 1-0

[Event "Aarhus Festuge Open"]
[Site "Aarhus"]
[Date "1992.??.??"]
[Round "7"]
[White "Nielsen, Jan Lovig"]
[Black "Flindtholt, Birger"]
[Result "1/2-1/2"]
[WhiteElo "2035"]
[BlackElo "2130"]
[PlyCount "63"]
[EventDate "1992.??.??"]

1. c4 c6 2. Nf3 d5 3. b3 Bf5 4. Bb2 Nf6 5. e3 e6 6. Be2 h6 7. O-O Nbd7 8. d4
Be7 9. Qc1 O-O 10. Ba3 Ne4 11. Nfd2 Ndf6 12. Bxe7 Qxe7 13. Nxe4 Nxe4 14. Nd2
Rac8 15. Bf3 Nf6 16. Qb2 b5 17. c5 a5 18. Be2 Rfe8 19. f4 Ne4 20. g4 Nxd2 21.
Qxd2 Be4 22. Bf3 Bxf3 23. Rxf3 Ra8 24. a3 a4 25. b4 f5 26. Qg2 Kf7 27. Kh1 Qf6
28. Rg1 g6 29. Rh3 Rh8 30. Qg3 Raf8 31. Rh4 h5 32. g5 1/2-1/2

[Event "Aarhus Festuge Open"]
[Site "Aarhus"]
[Date "1992.??.??"]
[Round "7"]
[White "Pedersen, Daniel Vesterbaek"]
[Black "Olesen, Niels H"]
[Result "0-1"]
[WhiteElo "2230"]
[BlackElo "2010"]
[PlyCount "92"]
[EventDate "1992.??.??"]

1. e4 c5 2. c3 Nf6 3. e5 Nd5 4. d4 cxd4 5. Nf3 e6 6. cxd4 b6 7. a3 Bb7 8. Bd3
Be7 9. O-O O-O 10. Re1 d6 11. Bd2 dxe5 12. dxe5 Nd7 13. Nc3 Nc5 14. Bc2 a5 15.
Nxd5 Bxd5 16. Bc3 Qc7 17. Nd4 Qb7 18. Qh5 Be4 19. Re3 Bxc2 20. Nxc2 Rfd8 21.
Nd4 Na4 22. Rh3 Qe4 23. Re1 Qg6 24. Qf3 Nxc3 25. Qxc3 Bc5 26. Nc6 Rd7 27. b4
axb4 28. axb4 Bf8 29. Qe3 Qc2 30. Nd4 Qg6 31. Rg3 Qh5 32. Nf3 h6 33. Qxb6 Qf5
34. h3 Qc2 35. Rg4 Ra2 36. Rge4 Rd1 37. Rxd1 Qxd1+ 38. Kh2 Qc2 39. Re1 Rb2 40.
b5 Bc5 41. Qd8+ Kh7 42. Rd1 Qxf2 43. Qd3+ g6 44. Rd2 Rxd2 45. Qxd2 Qf1 46. Qf4
Bg1+ 0-1

[Event "Aarhus Festuge Open"]
[Site "Aarhus"]
[Date "1992.??.??"]
[Round "7"]
[White "Pedersen, Jan"]
[Black "Jacobsen, Bo"]
[Result "1-0"]
[WhiteElo "2270"]
[BlackElo "2245"]
[PlyCount "111"]
[EventDate "1992.??.??"]

1. e4 e5 2. Nf3 Nc6 3. Bb5 Nf6 4. O-O d6 5. d4 Bd7 6. Nc3 Be7 7. Re1 exd4 8.
Nxd4 O-O 9. Bxc6 bxc6 10. Qf3 Re8 11. Nf5 Rb8 12. Nxe7+ Rxe7 13. Bg5 Re5 14.
Qg3 Rxb2 15. f4 Rxg5 16. Qxg5 h6 17. Qh4 Rxc2 18. Rac1 Rxc1 19. Rxc1 Qe7 20.
Qe1 Qe6 21. e5 dxe5 22. Qxe5 Qc4 23. Rd1 c5 24. Nd5 Ng4 25. Qc3 Qxa2 26. Qd2
Qxd2 27. Rxd2 Ba4 28. h3 Nf6 29. Nxc7 Bb3 30. Rd8+ Kh7 31. Ra8 c4 32. Rxa7 c3
33. Nb5 c2 34. Ra1 Nd5 35. Nd4 Ba4 36. g3 Nc3 37. Kf2 Ne4+ 38. Kf3 f5 39. Ne2
Bc6 40. Ke3 Nf6 41. Rc1 Be4 42. Nc3 Bg2 43. h4 Be4 44. Nxe4 Nxe4 45. Kf3 Nd2+
46. Kf2 Ne4+ 47. Kg2 Kg6 48. Rxc2 Kh5 49. Kf3 Nf6 50. Rc5 g6 51. Re5 Ng4 52.
Re7 Nh2+ 53. Kg2 Ng4 54. Re6 g5 55. hxg5 hxg5 56. Kg1 1-0

[Event "Aarhus Festuge Open"]
[Site "Aarhus"]
[Date "1992.??.??"]
[Round "7"]
[White "Sorensen, Michael"]
[Black "Nielsen, Henning"]
[Result "0-1"]
[WhiteElo "2100"]
[BlackElo "2145"]
[PlyCount "70"]
[EventDate "1992.??.??"]

1. d4 Nf6 2. c4 e6 3. Nf3 c5 4. d5 d6 5. dxe6 Bxe6 6. Nc3 Nc6 7. Nd5 Bxd5 8.
cxd5 Nb4 9. e4 Qa5 10. Bd2 Nxe4 11. Qe2 Kd7 12. Ne5+ dxe5 13. Qxe4 Qb6 14. Be2
Qg6 15. Bg4+ Kd8 16. Bf5 Qd6 17. Bxb4 cxb4 18. O-O g6 19. Bh3 f5 20. Qe2 a6 21.
Rac1 Bh6 22. Rc4 Rc8 23. g4 Rxc4 24. Qxc4 b5 25. Qc2 Rf8 26. gxf5 Qd7 27. Qe4
Bf4 28. Qxb4 Rg8 29. Rd1 gxf5+ 30. Kh1 Ke8 31. Qa3 Rg6 32. Qd3 Rh6 33. Bxf5
Rxh2+ 34. Kg1 Qg7+ 35. Kf1 Qg2+ 0-1

[Event "Aarhus Festuge Open"]
[Site "Aarhus"]
[Date "1992.??.??"]
[Round "7"]
[White "Ziska, Bogi"]
[Black "Christensen, Jan"]
[Result "1-0"]
[WhiteElo "2225"]
[BlackElo "2250"]
[PlyCount "97"]
[EventDate "1992.??.??"]

1. e4 e5 2. Nf3 Nc6 3. Nc3 Nf6 4. Bb5 Bb4 5. O-O O-O 6. d3 Bxc3 7. bxc3 Qe7 8.
Bg5 Nd8 9. Re1 d6 10. d4 Bg4 11. Bc4 Ne6 12. Bxe6 fxe6 13. dxe5 dxe5 14. Qd3
Qd6 15. Nd2 Rad8 16. Qg3 Qc5 17. Nb3 Qb6 18. c4 Bh5 19. c5 Qc6 20. Bxf6 Rxf6
21. Qxe5 Bg6 22. f3 b6 23. Rad1 Rdf8 24. Rd3 a5 25. Red1 a4 26. Nd4 Qxc5 27.
Qxc5 bxc5 28. Nc6 Be8 29. Ne5 Bb5 30. Rc3 Ra8 31. Rxc5 c6 32. c4 Ba6 33. Rxc6
Rff8 34. Rdd6 Bc8 35. Rb6 Ra5 36. Rb5 Ra7 37. Rb8 Ra5 38. Rc6 Ba6 39. Rxf8+
Kxf8 40. Nd7+ Ke7 41. Nb8 Bb7 42. Rc7+ Kd6 43. Rxb7 a3 44. Kf2 Ra4 45. Rd7+ Kc5
46. Rd2 Kxc4 47. Nd7 Kc3 48. Ke3 e5 49. Nxe5 1-0